FC Bayern Munich 2020-21 Squad - Statistics

General Stats
  • This quiz has been taken 1,450 times
    1,339 since last reset
  • The average score is 18 of 26
Answer Stats
No. Position Nationality Answer % Correct
1 GK Germany Manuel Neuer
99%
9 FW Poland Robert Lewandowski
95%
19 DF Canada Alphonso Davies
92%
6 MF Germany Joshua Kimmich
92%
7 FW Germany Serge Gnabry
88%
27 DF Austria David Alaba
85%
25 FW Germany Thomas Müller
85%
5 DF France Benjamin Pavard
84%
10 FW Germany Leroy Sané
84%
4 DF Germany Niklas Süle
83%
29 FW France Kingsley Coman
82%
18 MF Germany Leon Goretzka
80%
- Manager Germany Hans-Dieter Flick
78%
21 DF France Lucas Hernández
77%
17 DF Germany Jérôme Boateng
74%
13 FW Cameroon Eric Maxim Choupo-Moting
69%
42 FW England Jamal Musiala
66%
8 MF Spain Javi Martínez
65%
24 MF France Corentin Tolisso
61%
11 FW Brazil Douglas Costa
60%
22 MF Spain Marc Roca
41%
35 GK Germany Alexander Nübel
39%
20 DF France Bouna Sarr
37%
23 DF France Tanguy Nianzou
28%
39 GK Germany Ron-Thorben Hoffmann
23%
28 MF Portugal Tiago Dantas
16%
No matching quizzes found
Score Distribution
Percent of People with Each Score
Percentile by Number Answered
Your Score History
You have not taken this quiz since the last reset